| 000 | 00910nam0a22002891 4500 | ||
|---|---|---|---|
| 001 | v19\rc\2023038 | ||
| 005 | 20251118181443.7 | ||
| 035 | _a(NLR Aleph) 005103138 | ||
| 090 |
_a7413903 _c7413903 |
||
| 100 | _a20080925d1916 u y0rusy50 ca | ||
| 101 | 0 | _arus | |
| 102 | _aRU | ||
| 105 | _ay z |||a| | ||
| 200 | 1 |
_aВечно живущее _eСтихотворения. Кн. 7 _fРодион Иванов |
|
| 210 |
_aПетроград _cтип. В.Д. Смирнова _d1916 |
||
| 215 |
_a144 с. _d22 |
||
| 316 |
_aЭкз. РНБ (130/5113): с автогр. авт. _5NLR: 130/5113 |
||
| 700 | 1 |
_aИванов _bР.В. _gРодион Васильевич |
|
| 801 | 0 |
_aRU _bNLR _gpsbo |
|
| 801 | 0 |
_aRU _bRuMoRGB _2psbo |
|
| 801 | 1 |
_aRU _bProSoft-M _2rusmarc |
|
| 852 |
_aNLR _j18.48.8.37(7) |
||
| 852 |
_aNLR _j130/5108 |
||
| 899 |
_aRuMoRGB _jU 91/416 (7) |
||
| 899 | _aБАН | ||
| 942 | _cBOOK | ||
| 980 | _aNB | ||